Scienza da vedere . L'immaginario scientifico sul grande e sul piccolo schermo (Record n. 93591)

Dettagli MARC
000 -LEADER
fixed length control field 01874nam a2200277Ia 4500
001 - CONTROL NUMBER
control field H9837
003 - CONTROL NUMBER IDENTIFIER
control field IT-RoPAU
008 - FIXED-LENGTH DATA ELEMENTS--GENERAL INFORMATION
fixed length control field 130308s9999 xx 000 0 und d
040 ## - CATALOGING SOURCE
Original cataloging agency IT-RoPAU
040 ## - CATALOGING SOURCE
Transcribing agency IT-RoPAU
041 ## - LANGUAGE CODE
Language code of text/sound track or separate title ITALIANO
100 ## - MAIN ENTRY--PERSONAL NAME
Personal name Merzagora Matteo
100 ## - MAIN ENTRY--PERSONAL NAME
Miscellaneous information Codice Aut. SPICS: 59972
245 ## - TITLE STATEMENT
Title Scienza da vedere . L'immaginario scientifico sul grande e sul piccolo schermo
245 ## - TITLE STATEMENT
Remainder of title Scienza da Vedere. L'Immaginario Scientifico Sul Grande e Sul Piccolo Schermo
250 ## - EDITION STATEMENT
Edition statement 1a ed.
260 ## - PUBLICATION, DISTRIBUTION, ETC. (IMPRINT)
Name of publisher, distributor, etc. Sironi Editore
260 ## - PUBLICATION, DISTRIBUTION, ETC. (IMPRINT)
Date of publication, distribution, etc. 2006 [1° Ed.:2006 - Ed.Ling.Originale:2006]
300 ## - PHYSICAL DESCRIPTION
Extent "330 p. (prefazione: no ; testo: 330 [pagine: 0-0])"
500 ## - GENERAL NOTE
General note "Criteri di Selezione. Struttura Libro. Percorsi Apprendisti Pasticcioni: Vocazioni Cartesiane; Dall'Immagine al Comportamento; dal Comportamento All'Immaginario; tutti Mali e tutti beni del Mondo; Scienziato della Valle Solitaria; Vestiti per Ricerca; Scienza in Tv. Scienza e Scienziati Agli Esordistoria Cinema: Desiderio di Cinema; Vedere Invisibile; cavalli in Volo; Documentare Realta'; Melies e Immaginazione; Verso Maturità. Dalla Clava Alla Bomba (E Ritorno): Atomi per Vittoria; fino Alla Fine Mondo; Olocausto Atomico; Guerre biologiche Guerre Matematiche; Vittime o Carnefici?; Accuse; una moda che Non Passa. Asteroidi, Epidemie e Altre Catastrofi: C'E' catastrofe e Catastrofe; migliori Combinaguai; Oceani Salgono, Città Cadono, speranza Sopravvive; made in Usa; Quando Scienziato Pecca di Arroganza; Se Hollywood chiama tuo Laboratorio, Riattacca. Nuovi Corpi, nuove Menti: menti Artificiali; Essere o Non Essere Umanoide?; robot al Cinema; Quale Intelligenza?; corpi in Trasformazione. Note e Fonti. Schede dei Film. Letture Consigliate."
650 ## - SUBJECT ADDED ENTRY--TOPICAL TERM
Topical term or geographic name as entry element SAGGI SUL CINEMA
650 ## - SUBJECT ADDED ENTRY--TOPICAL TERM
Relator term Codice materia Spics: 6811
942 ## - ADDED ENTRY ELEMENTS (KOHA)
Koha item type LIBRO
957 ## -
-- 1
999 ## - SYSTEM CONTROL NUMBERS (KOHA)
-- 1
Dati di copia
Withdrawn status Lost status Damaged status Not for loan Home library Current library Date acquired Total Checkouts Full call number Date last seen Price effective from Koha item type Public note
    Buone Condizioni Not For Loan SPICS-MEDIATECA SPICS-MEDIATECA 08/03/2013   H9837 08/03/2013 08/03/2013 LIBRO Progressivo inserimento: 41353 / N. Volumi: 1 Copie: 1 / data import: 1 marzo 2013 - By Epidotti, Trombetti, Vaglietti.
CREDITS: SOCIETA' SAN PAOLO Via A.Severo, 58 - ROMA (RM) & PERIODICI SAN PAOLO SRL Via Giotto, 36 MILANO & CISF Via Giotto, 36 MILANO & EDIZIONI SAN PAOLO SRL,  Piazza Soncino, 5 CINISELLO BALSAMO (MI) -- ITALY